Từ điển Việt - Đức (100.000 từ) = Worterbuch vietnamesisch- deutsch

Shranjeno v:
Bibliografske podrobnosti
Glavni avtor: Nguyễn, Văn Tuế
Format: Knjiga
Jezik:Undetermined
Izdano: Hà Nội Văn hóa thông tin 1999
Teme:
Oznake: Označite
Brez oznak, prvi označite!
Thư viện lưu trữ: Trung tâm Học liệu Trường Đại học Cần Thơ
LEADER 00648nam a2200217Ia 4500
001 CTU_141598
008 210402s9999 xx 000 0 und d
020 |c 155000 
082 |a 495.922331 
082 |b T507 
100 |a Nguyễn, Văn Tuế 
245 0 |a Từ điển Việt - Đức (100.000 từ) = 
245 0 |b Worterbuch vietnamesisch- deutsch 
245 0 |c Nguyễn Văn Tuế 
260 |a Hà Nội 
260 |b Văn hóa thông tin 
260 |c 1999 
650 |a Vietnamese language 
650 |x Dictionaries,German 
904 |i Mai Loan 
980 |a Trung tâm Học liệu Trường Đại học Cần Thơ